MDQL
is popping MORE tags! Check the
thread
!
Quizzes
Events
Quiz Creation
Community
Videos
Private Events
Remove Ads
Sign In
Join for FREE
Feedback
Dark Mode
Quiz Categories
Sports
Geography
Music
Movies
Television
Just For Fun
Miscellaneous
History
Literature
Language
Science
Gaming
Entertainment
Religion
Holiday
For Kids
Quiz Lab
Recent
Popular Today
Quiz Kudos Today
Editor Picks
Curator Picks
Quizzes by...
Day
Popularity
Type
Ratings
Length
Year
Community
Subscriptions
Recent Discussions
Orange Saloon
Badges
Playlists
Quests
Create
Leaderboards
Showdown
Live 5
Trivia Bingo
Activity
Puzzle Library
Sporcle Events
Private Events
Virtual Trivia
Globe League
Become a Host
Pub Owners
SporcleCon
Opinionation
Our Games
Videos
Blog
Mobile Apps
Partnerships
Remove Ads and Go Orange
Feedback
Sports
Athletes
MLB
NBA
NHL
NFL
Soccer
Sports Teams
WWE
NCAA
Football
Premier League
Basketball
Baseball
Hockey
Golf
Tennis
Cricket
Rugby
Auto Racing
Olympics
World Cup
Sports
Athletes
MLB
NBA
NHL
NFL
Soccer
Sports Teams
WWE
NCAA
Football
Premier League
Basketball
Baseball
Hockey
Golf
Tennis
Cricket
Rugby
Auto Racing
Olympics
World Cup
Random Quiz
Search Sporcle
×
Quiz Lab
Quiz Lab
Sports
Continent
Type in answers that appear in a list
Type in answers that appear in a list
Classic
Best Score? Go Orange.
Winter olympic host cities Stats
Can you name the Winter olympic host cities?
By
dman1
12m
21 Questions
639 Plays
639 Plays
639 Plays
Comments
Comments
Give Quiz Kudos
Give Quiz Kudos
-
- Ratings
hide this ad
More Info
Replay
Link that replays current quiz
Next Quiz
Link to next quiz in quiz playlist
You Got
0%
They Got
Avg Score
71%
Avg Friend Score
Upgrade to see
Score Distribution
Jump to the score distribution portion of the page
Score
0/21
Timer
12:00
0
Plays Today
year
city
% Correct
2010
Vancouver
95.3%
2002
Salt Lake City
92.8%
2006
Turin
90%
1980
Lake Placid
84.4%
1932
Lake Placid
84.4%
1998
Nagano
82.3%
1994
Lillehammer
81.7%
1988
Calgary
80.1%
1952
Oslo
72.3%
1976
Innsbruck
70.9%
1964
Innsbruck
70.9%
year
city
% Correct
1984
Sarajevo
70.3%
1992
Albertville
69.6%
1948
St. Moritz
66.2%
1928
St. Moritz
66.2%
1972
Sapporo
63.8%
1960
Squaw Valley
61.2%
1924
Chamonix
59.3%
1968
Grenoble
58.8%
1936
GarmischPartenkirchen
46.5%
1956
Cortina d'Ampezzo
44.4%
Quiz Playlist
Details
Report
Send in Message
Add To Playlist
More Info:
In the bitter cold these cities fought through it.
Classic:
Type in answers that appear in a list
Last Updated: Feb 16, 2017
Quiz Scoreboard
CHALLENGE
Sign Up to Join the Scoreboard
Show All
Scores
Hide
Comments
May contain spoilers
Recently Published
Find the 'City' Movie
by crazypaving
Movies
60s
5x2 Blitz: Bands
by SL_Kpop136
Music
30s
Colored Red Africa Blitz
by spor1
Geography
30s
More to Explore
Quiz From the Vault
Featured Blog Post
14 Easter Pick-up Lines to Find Eggs With
hide this ad
You Might Also Like...
Tags
City Quiz
Continent Quiz
Olympics Quiz
host
Winter
Today's Top Quizzes in Sports
Browse Sports
hide this ad
Today's Top Quizzes in Continent
Browse Continent
Top Contributed Quizzes in Sports
1
Les entraîneurs de l'OM et du PSG au 21e siècle
2
Les meilleurs buteurs des matchs entre le PSG et l’OM
3
Les joueurs passés par le PSG et l'OM
4
Players with Multiple 50 Home Run Seasons
5
2022 World Cup Stars
6
Criteria MLB: Left Handed Sluggers
7
NBA Logic Puzzle 2.0
8
MLB Players with Two .350 Batting Average Seasons
9
Top 10 NHL Goal Scorers of All Time
10
Les joueurs passés par le LOSC et le RC Lens
Explore More
Trending Topics
Anime
Kpop
Marvel
NBA
Disney
Harry Potter
Crossword
Soccer
The Office
Pokémon
Puzzle
Country
WWE
Song
NFL
hide this ad
More By:
dman1
Quiz
Plays
Rating
Category
Featured
Created
National Treasure Trivia
2,703
3.09
Movies
Jan 11, 2010
NFL Rushing Leaders by Number (20-39)
776
4.08
Sports
Dec 26, 2009
Winter olympic host cities
639
2.60
Sports
Dec 25, 2009
States with the Most People
497
2.00
Geography
Jan 4, 2010
NFL Receiving Leaders by Number (80-89)
480
4.25
Sports
Dec 26, 2009
Go to Creator's Profile
Score Distribution
Quiz Creator Spotlight
dman1
Follow
Send a Message
Quizzes Created
-
Created Quiz Play Count
-
More By This Creator
Popular Quizzes Today
1
Colored Red Africa Blitz
2
Find the 'City' Movie
3
Find the US States - No Outlines Minefield
4
5x2 Blitz: Bands
5
The Countries of the World
6
Find the US States
7
US States
8
Find the Countries of Europe - No Outlines Minefield
More Sports Quizzes
Name the AEW champions in 2020
Quiz Lab
Trending Quizzes
Colored Red Europe Blitz I
Colored Red Europe Blitz II
Colored Red Africa Blitz II
Colored Red Europe Blitz III
Colored Red Africa Blitz III
Recently Updated
How Do You Spell That?
pecheneg
Godzilla Movies
pecheneg
Grab Bag: 4-10 Letters
pecheneg
2024 March Madness Bracket
pecheneg
Famous TV Couples
Peacemaker
Champions League XIs: Real Madrid
pecheneg
Largest US Cities 1790-2010
pecheneg
Rides in Walt Disney World
pecheneg
Most Oscar Losses (Acting)
pecheneg
Beyoncé Albums
pecheneg
Trending Topics
Disney
Harry Potter
Anime
Crossword
Kpop
NBA
Marvel
Country
Puzzle
The Office
Song
Pokémon
WWE
Soccer
NFL
Your Account Isn't Verified!
In order to create a playlist on Sporcle, you need to verify the email address you used during registration. Go to your
Sporcle Settings
to finish the process.
Report this User
Report this user for behavior that violates our
Community Guidelines
.
Details:
Send Report
Go to the Sporcle.com Mobile Site →
Comments